[Event "Belgrade Trophy 17th"]
[Site "Obrenovac"]
[Date "2004.11.30"]
[Round "9"]
[White "Stanojevic, Branko"]
[Black "Stojanovic, Zoran M"]
[Result "1-0"]
[WhiteElo "2332"]
[BlackElo "2341"]
[PlyCount "57"]
[EventDate "2004.11.22"]
[EventType "swiss"]
[EventRounds "9"]
[EventCountry "YUG"]
[SourceTitle "CBM 103 Extra"]
[Source "ChessBase"]
[SourceDate "2005.01.01"]
[SourceVersion "1"]
[SourceVersionDate "2005.01.01"]
[SourceQuality "1"]

1. d4 Nf6 2. c4 c5 3. Nf3 cxd4 4. Nxd4 e6 5. g3 Nc6 6. Bg2 Bc5 7. Nb3 Bb4+ 8. Nc3 d5 9. cxd5 Nxd5 10. Bd2 Bxc3 11. bxc3 0-0 12. c4 Nb6 13. Rc1 Qc7 14. c5 Nd5 15. 0-0 a5 16. e4 Nde7 17. Be3 Rd8 18. Nd2 e5 19. Qa4 Be6 20. Nc4 Nd4 21. Nb6 Ne2+ 22. Kh1 Nxc1 23. Nxa8 Rxa8 24. Rxc1 Bd7 25. Qd1 Bc6 26. Qd6 Rc8 27. f4 f6 28. Kg1 Bd7 29. Qxe7 1-0

[Event "Belgrade Trophy 17th"]
[Site "Obrenovac"]
[Date "2004.11.24"]
[Round "3"]
[White "Peric, Jasmina"]
[Black "Stojanovic, Zoran M"]
[Result "1-0"]
[WhiteElo "1911"]
[BlackElo "2341"]
[PlyCount "121"]
[EventDate "2004.11.22"]
[EventType "swiss"]
[EventRounds "9"]
[EventCountry "YUG"]
[SourceTitle "CBM 103 Extra"]
[Source "ChessBase"]
[SourceDate "2005.01.01"]
[SourceVersion "1"]
[SourceVersionDate "2005.01.01"]
[SourceQuality "1"]

1. e4 c5 2. Nc3 Nc6 3. g3 e6 4. d3 Nf6 5. f4 d5 6. e5 d4 7. exf6 dxc3 8. bxc3 Qxf6 9. Bd2 Bd6 10. Bg2 Bd7 11. Nf3 h6 12. 0-0 0-0 13. Re1 Rae8 14. Rb1 b6 15. Bh3 Bc8 16. Nh4 Bb7 17. Rf1 Ne7 18. Qg4 Bc8 19. Bg2 Nd5 20. f5 Ne7 21. Be4 exf5 22. Bxf5 Nxf5 23. Nxf5 Bxf5 24. Rxf5 Qg6 25. Qxg6 fxg6 26. Rxf8+ Kxf8 27. Rf1+ Kg8 28. Kg2 g5 29. h3 Re2+ 30. Rf2 Rxf2+ 31. Kxf2 Kf7 32. g4 Bf4 33. Be3 Bd6 34. Kf3 Ke6 35. Ke4 g6 36. c4 Be5 37. a4 Bc3 38. Bf2 Be5 39. Be1 Kd6 40. c3 Bf4 41. d4 Ke6 42. Bf2 Bd2 43. Kd3 Bf4 44. Be1 Kd6 45. Ke4 Ke6 46. Bf2 Kd6 47. Be3 Bg3 48. Bd2 Ke6 49. Kf3 Bh2 50. Be1 Kd7 51. Bg3 Bxg3 52. Kxg3 Ke6 53. Kf2 a5 54. Ke3 Ke7 55. Ke4 Ke6 56. Kf3 Kd6 57. Ke3 Kd7 58. d5 Ke7 59. Kf3 Kf6 60. Ke4 Ke7 61. Ke5 1-0